000 00285nam a22001097a 4500
008 170105b xxu||||| |||| 00| 0 eng d
020 _a9780323056120
041 _aeng
080 _28TH
_a618.2
245 _aESSENTIALS OF PEDIATRIC NURSING
_cHOCKENBERRY, M.J & WILSON, D
942 _2udc
_cBK
999 _c2545
_d2545